| 000 | 00540cam a22002171 4500 | ||
|---|---|---|---|
| 001 | sa 67001210 | ||
| 003 | DLC | ||
| 005 | 20260227112320.0 | ||
| 008 | 890403s1962 xx 000 0 hino | ||
| 010 | _asa 67001210 | ||
| 035 | _a(OCoLC)23565508 | ||
| 040 |
_aDLC _cMiU _dDLC |
||
| 043 | _aa-ii--- | ||
| 050 | 0 | 0 |
_aDS485.H9 _bS55 |
| 100 | 0 |
_aṢidq Jāʼisī, _d-1967. |
|
| 245 | 1 | 0 | _aDarbār-i durbār. |
| 260 | _c[1962 | ||
| 300 |
_av. _c19 cm. |
||
| 500 | _aRomanized. | ||
| 651 | 0 |
_aHyderabad (India : State) _xCourt and courtiers. |
|
| 999 |
_c72466 _d72466 |
||